000 02040 a2200289 4500
003 OSt
005 20180116192324.0
008 120207t xxu||||| |||| 00| 0 eng d
010 _a 2001030275
020 _a0070163871
040 _c0
082 0 0 _a729.2
245 1 0 _aTime-saver standards for building types /
_cedited by Joseph DeChiara and Michael Crosbie.
250 _a4th ed.
260 _aNew York :
_bMcGraw-Hill,
_cc2001.
300 _axv, 1005 p. :
_bill. ;
_c29 cm.
520 _aSave time with topic-by-topic guide to building standards The only comprehensive reference to all building types, Time-Saver Standards for Building Types, Fourth Edition is loaded with all the essential design criteria and standards you need to prepare preliminary designs, execute programming requirements, and analyze the functions and uses of a building. Authors Joseph DeChiara and Michael Crosbie focus on topical issues of rehabilitation, change of use, preservation, accessibility, energy conservation, and environmental regulations. New material in this edition includes home offices, entertainment centers, assisted living, primary-care and wellness facilities, day-care and nursery facilities, jails and prisons, places of worship, health clubs, international sports facilities, and new rail facilities. What's more, new international examples and full metrification make the book a truly global publication.
650 0 _aModular coordination (Architecture)
650 0 _aBuilding materials
_xStandards.
700 1 _aCrosbie, Michael J.
856 4 2 _3Publisher description
_uhttp://www.loc.gov/catdir/description/mh021/2001030275.html
856 4 2 _3Table of contents
_uhttp://www.loc.gov/catdir/toc/mh021/2001030275.html
856 4 2 _3Contributor biographical information
_uhttp://www.loc.gov/catdir/enhancements/fy0707/2001030275-b.html
942 _aSADA
_cBK
_k729.2 TIM 2001
_2ddc
999 _c352144
_d352144